Cognitive science

Bibliographic Details
Format: Electronic Journal
Language:English
Published: [Hauppauge, NY] : Nova Science Publishers, c2004-
Subjects:
Online Access:Full text available from Research Library: 01/01/2011 to 07/31/2014

MARC

LEADER 00000nas a2200000 a 4500
001 ssj0001454149
003 WaSeSS
005 20200512172242.0
006 m d
007 cr n
008 050713c20049999nyuqr p s 0 a0eng
010 |a  2005214000 
022 |l 1556-8237  |y 1556-8237 
035 |a (WaSeSS)ssj0001454149 
037 |b Nova Science Publishers, 400 Oser Ave., Suite 1600, Hauppauge, NY 11788-3619 
040 |a DLC  |b eng  |c DLC  |d DLC  |d OCoLC  |d OCLCF  |d OCLCO  |d DLC  |d WaSeSS 
042 |a nsdp  |a pcc 
050 0 0 |a BF311  |b .C552327 
082 1 0 |a 153.03  |2 13 
130 0 |a Cognitive science (Hauppauge, N.Y.) 
210 0 |a Cogn. sci.  |b (Hauppauge N.Y.) 
222 0 |a Cognitive science  |b (Hauppauge, N.Y.) 
245 1 0 |a Cognitive science  |h [electronic resource]. 
246 1 3 |a CS 
260 |a [Hauppauge, NY] :  |b Nova Science Publishers,  |c c2004- 
310 |a Quarterly 
362 0 |a Vol. 1, no. 1- 
500 |a Title from cover. 
506 |a License restrictions may limit access. 
650 0 |a Cognitive science  |v Periodicals. 
650 7 |a Cognitive science.  |2 fast  |0 (OCoLC)fst00866547 
655 0 |a Electronic journals. 
850 |a DLC 
856 4 0 |z Full text available from Research Library: 01/01/2011 to 07/31/2014  |u https://search.proquest.com/publication/2034886